Catálogo público

Normal view MARC view

Entry Nombre personal

Number of records used in: 1

001 - NÚMERO DE CONTROL

  • campo de control: 143357

003 - IDENTIFICADOR DEL NÚMERO DE CONTROL

  • campo de control: CHAP

005 - FECHA Y HORA DE LA ÚLTIMA TRANSACCIÓN

  • campo de control: 20230317175905.0

008 - DATOS DE LONGITUD FIJA

  • campo de control de longitud fija: 220127|| aca||aabn | aaa d

040 ## - FUENTE DE LA CATALOGACIÓN

  • Centro catalogador/agencia de origen: mxchpua
  • Centro/agencia transcriptor: CHAP

100 ## - ENCABEZAMIENTO-NOMBRE DE PERSONA

  • Nombre de persona: Poniatowska, Elena
  • Fechas asociadas al nombre: (1933 - )

370 ## - LUGAR ASOCIADO

  • Lugar de nacimiento: Paris, Francia
  • País asociado: México
  • Lugar de residencia/sede: Ciudad de México

372 ## - CAMPO DE ACTIVIDAD

  • Campo de actividad: Activista política
  • Campo de actividad: Periodista

374 ## - OCUPACIÓN

  • Ocupación: Autor de libros

670 ## - FUENTE DE DATOS ENCONTRADOS

  • Cita de la fuente: Work cat.: (OSt)169037: Poniatowska, Elena 1933 -, La noche de Tlatelolco : testimonio de historia oral /, 2007